Main basse sur l'Afrique (Record no. 7613)
[ view plain ]
| 000 -LEADER | |
|---|---|
| fixed length control field | 00557nam a2200229Ia 4500 |
| 003 - CONTROL NUMBER IDENTIFIER | |
| control field | 0100 |
| 005 - DATE AND TIME OF LATEST TRANSACTION | |
| control field | 20140206171810.0 |
| 008 - FIXED-LENGTH DATA ELEMENTS--GENERAL INFORMATION | |
| fixed length control field | 130303s9999 xx 000 0 und d |
| 020 ## - INTERNATIONAL STANDARD BOOK NUMBER | |
| International Standard Book Number | 2020048817 |
| 040 ## - CATALOGING SOURCE | |
| Transcribing agency | ARRUPELIB |
| 050 ## - LIBRARY OF CONGRESS CALL NUMBER | |
| Classification number | DT30.5.Z541978 |
| 300 ## - PHYSICAL DESCRIPTION | |
| Other physical details | 21cm. |
| 100 ## - MAIN ENTRY--PERSONAL NAME | |
| Personal name | Ziegler, Jean |
| 9 (RLIN) | 8430 |
| 245 ## - TITLE STATEMENT | |
| Title | Main basse sur l'Afrique |
| 260 ## - PUBLICATION, DISTRIBUTION, ETC. (IMPRINT) | |
| Place of publication, distribution, etc | Paris |
| 260 ## - PUBLICATION, DISTRIBUTION, ETC. (IMPRINT) | |
| Name of publisher, distributor, etc | Seuil |
| 300 ## - PHYSICAL DESCRIPTION | |
| Extent | 290p. |
| 650 ## - SUBJECT ADDED ENTRY--TOPICAL TERM | |
| Topical term or geographic name as entry element | Nationalism-Africa |
| 9 (RLIN) | 8431 |
| 650 ## - SUBJECT ADDED ENTRY--TOPICAL TERM | |
| Topical term or geographic name as entry element | Africa-Politics-1960 |
| 9 (RLIN) | 8432 |
| 700 ## - ADDED ENTRY--PERSONAL NAME | |
| Personal name | Jean Ziegler |
| 9 (RLIN) | 8433 |
| 942 ## - ADDED ENTRY ELEMENTS (KOHA) | |
| Source of classification or shelving scheme | Library of Congress Classification |
| Koha item type | Monograph ( Printed materials) |
| Withdrawn status | Lost status | Source of classification or shelving scheme | Damaged status | Not for loan | Collection code | Home library | Current library | Date acquired | Total Checkouts | Full call number | Barcode | Date last seen | Copy number | Price effective from | Koha item type |
|---|---|---|---|---|---|---|---|---|---|---|---|---|---|---|---|
| Library of Congress Classification | Main Collection | ARRUPE LIBRARY | ARRUPE LIBRARY | 04/03/2013 | DT30.5.Z54 1978 | 46500028403 | 07/12/2017 | 1 | 04/03/2013 | Monograph ( Printed materials) |